[Event "Zagreb Open A"]
[Site "Zagreb CRO"]
[Date "2012.03.07"]
[Round "3.10"]
[White "Cvitan,O"]
[Black "Ostovic,M"]
[Result "1-0"]
[WhiteElo "2528"]
[BlackElo "2304"]

1.d4 d5 2.c4 c6 3.Nf3 Nf6 4.Nc3 e6 5.e3 Nbd7 6.Qc2 Bd6 7.Bd3 O-O 8.O-O dxc4
9.Bxc4 b5 10.Bd3 Bb7 11.a3 a6 12.b4 a5 13.Rb1 axb4 14.axb4 Qe7 15.e4 e5 16.Ne2 Bxb4
17.Ng3 g6 18.dxe5 Ng4 19.Bg5 Qc5 20.e6 Nde5 21.Nxe5 Nxe5 22.Bf6 Qxc2 23.Bxc2 Ng4
24.e5 Ba3 25.exf7+ Kxf7 26.Ne4 Nxf6 27.exf6 h6 28.Bb3+ Ke8 29.Rbd1 Rd8 30.Be6 Rd5
31.Bxd5 cxd5 32.Nc3 Rxf6 33.Nxd5 Rf7 34.Nc3 Bc6 35.Rfe1+ Re7 36.Rxe7+ Kxe7
37.Rb1 b4 38.Na2 Kd6 39.Nxb4 Be4 40.Rd1+ Ke5 41.Nd3+ Kf6 42.Re1 Bf5 43.Nf4 Bd6
44.Nd5+ Kf7 45.h3 h5 46.Ne3 Be6 47.h4 Kf6 48.Ra1 Bc8 49.Ra7 Be6 50.Ra6 Ke7
51.Nc2 Bc8 52.Ra7+ Kf6 53.Nd4 Be5 54.Nf3 Bd6 55.Ng5 Bf5 56.g3 Bc5 57.Rb7 Ke5
58.Kg2 Kd6 59.f3 Kc6 60.Rf7 Kd5 61.Rf6 Bd4 62.Ra6 Bg7 63.Nh3 Be5 64.Nf4+ Bxf4
65.gxf4 Bd3 66.Rf6 Bf5 67.Kf2 Bd3 68.Ke3 Bf5 69.Ra6 Kc5 70.Ra5+ Kc4 71.Re5  1-0

[Event "12th Mediterranean Flower WGM"]
[Site "Rijeka CRO"]
[Date "2012.03.08"]
[Round "8"]
[White "Medic,Mir"]
[Black "Orehek,S"]
[Result "1/2-1/2"]
[WhiteElo "2236"]
[BlackElo "1992"]

1.d4 d5 2.c4 c6 3.Nf3 Nf6 4.Nc3 e6 5.e3 Nbd7 6.Qc2 Bd6 7.b3 O-O 8.Be2 Qe7
9.O-O e5 10.cxd5 cxd5 11.dxe5 Nxe5 12.Bb2 Rd8 13.Nb5 Nxf3+ 14.Bxf3 Be5 15.Bxe5 Qxe5
16.Nd4 Bg4 17.Rac1 Rac8 18.Qd2 Bxf3 19.Nxf3 Qd6 20.a4 h6 21.h3 Ne4 22.Qd4 a6
23.b4 Qd7 24.Ne5 Qd6 25.Rfd1 Qf6 26.Nf3 Qxd4 27.Nxd4 Nc3 28.Rd2 Nxa4 29.Rxc8 Rxc8
30.Nf5 Rc1+ 31.Kh2 Nb6 32.Ne7+ Kf8 33.Nxd5 Nxd5 34.Rxd5 Rb1 35.Rd4 Ke7 36.Kg3 Ke6  1/2-1/2

[Event "28th Cappelle Open"]
[Site "Cappelle la Grande FRA"]
[Date "2012.03.09"]
[Round "8.49"]
[White "Moranda,W"]
[Black "Royer,S"]
[Result "1/2-1/2"]
[WhiteElo "2569"]
[BlackElo "2260"]

1.d4 d5 2.c4 c6 3.Nc3 Nf6 4.e3 e6 5.Nf3 Nbd7 6.Bd3 dxc4 7.Bxc4 b5 8.Bd3 b4
9.Na4 Be7 10.e4 c5 11.e5 Nd5 12.dxc5 Qc7 13.O-O Nxc5 14.Nxc5 Qxc5 15.Qe2 Bb7
16.Bd2 Qb6 17.Rac1 h6 18.Rc4 Rc8 19.Rxc8+ Bxc8 20.Rc1 Bb7 21.Bb5+ Kf8 22.Qc4 g6
23.Bc6 Bxc6 24.Qxc6 Qxc6 25.Rxc6 Kg7 26.Kf1 Rb8 27.Nd4 Bg5 28.Bxg5 hxg5 29.g3 g4
30.Nb3 g5 31.Rc4 Kg6 32.Rxg4 Kf5 33.h3 Rc8 34.Ke1 Kxe5 35.Kd2 Kf6 36.h4 gxh4
37.Rxh4 Rc6 38.Nc1 Kf5 39.Nd3 a5 40.Rh8 Nb6 41.b3 Rd6 42.f3 a4 43.Rh5+ Kf6
44.Rh4 axb3 45.axb3 Nd5 46.Rd4 Ke7 47.g4 Rb6 48.f4 Rb8 49.g5 Rb5 50.Ke2 f6
51.Kf3 fxg5 52.fxg5 Ra5 53.Ne5 Ra3 54.Rd3 Ra1 55.Nc6+ Kf7 56.Ke4 Rc1 57.Ne5+ Kg7
58.Rf3 Rg1 59.g6 Nf6+ 60.Kd4 Re1 61.Re3 Rxe3 62.Kxe3  1/2-1/2

[Event "Reykjavik Open"]
[Site "Reykjavik ISL"]
[Date "2012.03.09"]
[Round "4.12"]
[White "Maze,S"]
[Black "Thorfinnsson,Br"]
[Result "0-1"]
[WhiteElo "2577"]
[BlackElo "2421"]

1.d4 d5 2.c4 c6 3.Nc3 Nf6 4.e3 e6 5.Nf3 Nbd7 6.b3 Bb4 7.Bd2 O-O 8.Bd3 b6
9.O-O Qe7 10.Qc2 Bb7 11.Rfe1 dxc4 12.bxc4 c5 13.a3 Ba5 14.d5 exd5 15.Nxd5 Nxd5
16.cxd5 Bxd2 17.Nxd2 Bxd5 18.Bxh7+ Kh8 19.Bd3 Ne5 20.e4 Nxd3 21.Qxd3 Bb7
22.f4 Rad8 23.Qh3+ Kg8 24.Nf3 Qf6 25.Ng5 Qh6 26.Qg3 c4 27.Qc3 b5 28.Rad1 Qb6+
29.Kf1 Rxd1 30.Rxd1 f6 31.Nh3 Bxe4 32.Nf2 Qc6 33.Qg3 Re8 34.Kg1 Bc2 35.Rc1 Bf5
36.h4 Qc5 37.Rc3 a5 38.h5 b4 39.h6 g6 40.axb4 axb4 41.Rc1 Kh7 42.Kh2 Kxh6  0-1

[Event "TCh-FIN SM-Liiga 2011-12"]
[Site "Helsinki FIN"]
[Date "2012.03.10"]
[Round "10.4"]
[White "Niemela,A"]
[Black "Topi Hulmi,T"]
[Result "1-0"]
[WhiteElo "2279"]
[BlackElo "2279"]

1.d4 d5 2.c4 c6 3.Nf3 e6 4.e3 Nf6 5.Nc3 Nbd7 6.Bd3 Be7 7.O-O O-O 8.e4 dxe4
9.Nxe4 Nxe4 10.Bxe4 Nf6 11.Bc2 c5 12.Qd3 cxd4 13.Bg5 g6 14.Rad1 Nd7 15.Bh6 e5
16.Bxf8 Bxf8 17.Qe2 Qc7 18.Rfe1 Bg7 19.c5 Qxc5 20.Bb3 h6 21.Rc1 Qf8 22.Rc7 Kh7
23.Rec1 f5 24.Qc2 e4 25.Rxc8 Rxc8 26.Qxc8 Qxc8 27.Rxc8 exf3 28.Bg8+ Kh8 29.Bd5+ Kh7
30.Bxb7 fxg2 31.Bxg2 d3 32.Rd8 Ne5 33.f4 Nc4 34.b3 Nb2 35.Bf1 Bc3 36.Rd7+ Kh8
37.Bxd3 Bd2 38.Bc2 Bxf4 39.Kg2 a5 40.Rd5 a4 41.bxa4 Nc4 42.Rd8+ Kg7 43.Bd3 Ne5
44.Bb5 Be3 45.a5 f4 46.Be2 Nc6 47.Rd7+ Kh8 48.Rd6 Nxa5 49.Rxg6 Nb7 50.Rxh6+ Kg7
51.Rc6 Nc5 52.h4 Ne4 53.h5  1-0

[Event "ch-Moscow Final 2012"]
[Site "Moscow RUS"]
[Date "2012.03.10"]
[Round "1"]
[White "Gavrilov,Al1"]
[Black "Morozov,G"]
[Result "1-0"]
[WhiteElo "2502"]
[BlackElo "2353"]

1.d4 d5 2.c4 e6 3.Nc3 c6 4.e3 Nf6 5.Nf3 Bd6 6.Bd3 Nbd7 7.e4 dxe4 8.Nxe4 Nxe4
9.Bxe4 e5 10.O-O exd4 11.Qxd4 Qf6 12.Bc2 Qxd4 13.Nxd4 O-O 14.Nf5 Be5 15.Re1 Bf6
16.Rb1 Ne5 17.b3 Re8 18.Bf4 Bxf5 19.Bxf5 g6 20.Bc2 g5 21.Bg3 Ng6 22.Kf1 Rxe1+
23.Rxe1 Rd8 24.Bc7 Rd2 25.Re2 Rd7 26.Ba5 b6 27.Be1 Nf4 28.Re8+ Kg7 29.Ra8 Re7
30.g3 Ne2 31.Bd2 Nc3 32.a3 Ne2 33.Bd1 Nd4 34.b4 h6 35.Rc8 Rd7 36.Bg4 Re7
37.Bc3 Rb7 38.Bxd4 Bxd4 39.Rxc6 Bb2 40.a4 Bc3 41.b5 Bb4 42.Bf3 Rd7 43.Bd5 Re7
44.h3 Re1+ 45.Kg2 Ra1 46.Rc7 Rxa4 47.Bxf7 Bd6 48.Rd7 Bc5 49.f4 gxf4 50.gxf4 a5
51.bxa6 Rxa6 52.Kf3 Kf6 53.Bd5 Ra3+ 54.Kg4 h5+ 55.Kxh5 Rxh3+ 56.Kg4 Re3 57.Rf7+ Kg6
58.f5+ Kh6 59.Rf6+ Kh7 60.Rf7+ Kh6 61.Rf6+ Kh7 62.Rc6 Re8 63.Kh5 Re5 64.Kg5 Be3+
65.Kg4 Bc5 66.Kf4 Re1 67.Kg5 Be3+ 68.Kh5 Bd4 69.Rh6+ Kg7 70.f6+  1-0

[Event "TCh-NED Meesterklasse 2011-12"]
[Site "Netherlands NED"]
[Date "2012.03.10"]
[Round "7.3"]
[White "Kunin,V"]
[Black "Van de Oudeweetering,A"]
[Result "1-0"]
[WhiteElo "2549"]
[BlackElo "2338"]

1.d4 d5 2.c4 c6 3.Nf3 Nf6 4.Nc3 e6 5.e3 Nbd7 6.Qc2 Bd6 7.Bd3 O-O 8.O-O dxc4
9.Bxc4 b5 10.Bd3 Bb7 11.Bd2 b4 12.Ne4 Nxe4 13.Bxe4 f5 14.Bd3 c5 15.Be2 Rc8
16.Qa4 Bc6 17.Qd1 Qf6 18.Rc1 Rfd8 19.Re1 e5 20.e4 fxe4 21.Bc4+  1-0

[Event "TCh-SWE 2011-12"]
[Site "Sweden SWE"]
[Date "2012.03.10"]
[Round "8"]
[White "Smith,Ax"]
[Black "Engqvist,T"]
[Result "1-0"]
[WhiteElo "2488"]
[BlackElo "2353"]

1.d4 c6 2.c4 d5 3.Nc3 Nf6 4.e3 e6 5.Nf3 Nbd7 6.Bd3 Bd6 7.e4 dxe4 8.Nxe4 Nxe4
9.Bxe4 O-O 10.O-O Re8 11.Re1 Qc7 12.Bc2 b6 13.Qd3 Nf8 14.Be3 Ba6 15.Rad1 Rad8
16.Qc3 c5 17.Ba4 Re7 18.dxc5 Bxc5 19.Bf4 Bd6 20.Rxd6 Rxd6 21.Qb4 e5 22.Bxe5 Rxe5
23.Nxe5 Re6 24.Bb5 Bxb5 25.Qxb5 Qe7 26.Re3 f6 27.Ng4 Rd6 28.Qb3 Ne6 29.h3 Qd7
30.Re1 Nc5 31.Qg3 Kf7 32.Qf3 Kg8 33.Ne3 Nd3 34.Rd1 Nxb2 35.Qa8+ Kf7 36.Rxd6 Qxd6
37.Qxa7+ Kg6 38.g4 Qd2 39.h4 h5 40.gxh5+ Kh7 41.Qf7 Nd3 42.Qg6+ Kh8 43.Qe8+ Kh7
44.Qe4+ Kh8 45.Qf5 Qc1+ 46.Kh2 Qd2 47.Kg3 Nc1 48.Kg2 Nd3 49.h6 Ne5 50.hxg7+ Kxg7
51.Nd5 Qh6 52.h5 Kf7 53.Nxb6 Qg7+ 54.Kf1 Kg8 55.Nd5 Kf7 56.c5 Qh6 57.Nf4 Qf8
58.Qe6+ Kg7 59.Qxe5 fxe5 60.Ne6+  1-0

[Event "6th Agzamov Memorial"]
[Site "Tashkent UZB"]
[Date "2012.03.10"]
[Round "5"]
[White "Golod,V"]
[Black "Grachev,B"]
[Result "1/2-1/2"]
[WhiteElo "2561"]
[BlackElo "2705"]

1.d4 d5 2.c4 e6 3.Nf3 Nf6 4.Nc3 c6 5.e3 a6 6.Qc2 c5 7.cxd5 exd5 8.dxc5 Bxc5
9.Be2 O-O 10.O-O Nc6 11.b3 h6 12.Bb2 Qe7 13.Rac1 Ba7 14.Rfd1 Rd8 15.Na4 Ne4
16.Nd4 Bd7 17.Nxc6 Bxc6 18.Bd4 Bxd4 19.Rxd4 Bxa4 20.bxa4 Rd6 21.Qb2 Qf6 22.Bd3 Rb6
23.Qe2 Rc6 24.Rxc6 Qxc6 25.Bxe4 dxe4 26.Qc4 Rc8 27.Qxc6 Rxc6 28.g4 Rc2 29.Rxe4 Rxa2
30.Rb4 a5 31.Rxb7 Rxa4 32.h3  1/2-1/2

[Event "TCh-HUN 2011-12"]
[Site "Decs HUN"]
[Date "2012.03.11"]
[Round "7"]
[White "Polak,T"]
[Black "Pataki,G"]
[Result "1-0"]
[WhiteElo "2543"]
[BlackElo "2354"]

1.d4 d5 2.c4 c6 3.Nc3 Nf6 4.e3 e6 5.Nf3 Nbd7 6.Qc2 b6 7.Bd3 Bb7 8.O-O Be7
9.b3 Rc8 10.Bb2 O-O 11.Rad1 c5 12.cxd5 exd5 13.Qe2 Qc7 14.Nb5 Qb8 15.Ne5 a6
16.Bf5 Rcd8 17.Nxd7 Nxd7 18.dxc5 Nxc5 19.Qh5 g6 20.Qh6 f6 21.Bxg6 hxg6 22.Qxg6+ Kh8
23.Rd4 Ne4 24.f3 axb5 25.fxe4 Bc5 26.exd5 Bxd4 27.Bxd4 Rxd5 28.Rxf6 Rxd4
29.Qh5+ Kg7 30.Qg5+  1-0

[Event "European Ind w 2012"]
[Site "Gaziantep TUR"]
[Date "2012.03.11"]
[Round "9"]
[White "Paikidze,N"]
[Black "Sebag,M"]
[Result "0-1"]
[WhiteElo "2406"]
[BlackElo "2512"]

1.d4 d5 2.c4 c6 3.Nc3 Nf6 4.e3 e6 5.Nf3 Nbd7 6.Qc2 Bd6 7.Bd3 O-O 8.O-O dxc4
9.Bxc4 b5 10.Bd3 Bb7 11.Rd1 Qc7 12.Bd2 a5 13.e4 e5 14.Ne2 c5 15.dxc5 Bxc5
16.Be1 Qb6 17.Ng3 Rfe8 18.Rac1 Rac8 19.Qe2 Bc6 20.b4 axb4 21.Qb2 Bf8 22.Bxb4 Nc5
23.Bb1 Nfd7 24.a3 g6 25.Ba2 h6 26.Qd2 Bg7 27.Qe3 Ne6 28.Qb3 Qb7 29.h4 h5
30.Rd6 Nb6 31.Ng5 Nxg5 32.hxg5 Nc4 33.Rdd1 Bxe4 34.Nxe4 Qxe4 35.Qh3 Rcd8
36.Re1 Qf4 37.a4 Nd6 38.Bxd6 Rxd6 39.Rc7 Rf8 40.Rd7 Rd2  0-1

[Event "TCh-HUN 2011-12"]
[Site "Nagykanizsa HUN"]
[Date "2012.03.11"]
[Round "7"]
[White "Bodiroga,P"]
[Black "Ribli,Z"]
[Result "1/2-1/2"]
[WhiteElo "2414"]
[BlackElo "2588"]

1.d4 d5 2.c4 e6 3.Nc3 c6 4.e3 Nf6 5.Nf3 Nbd7 6.Qc2 Bd6 7.Be2 O-O 8.O-O Re8
9.Rd1 Qe7 10.e4 Nxe4 11.Nxe4 dxe4 12.Qxe4 f5 13.Qh4 Qxh4 14.Nxh4 b6 15.g3 Nf6
16.Bf3 Bb7 17.Bg5 Kf7 18.Rac1 h6 19.Be3 g5 20.d5 cxd5 21.cxd5 Nxd5 22.Nxf5 exf5
23.Bxd5+ Bxd5 24.Rxd5 Ke6 25.Rcd1  1/2-1/2

[Event "TCh-HUN 2011-12"]
[Site "Paks HUN"]
[Date "2012.03.11"]
[Round "7"]
[White "Mester,G"]
[Black "Balazs,G2"]
[Result "1/2-1/2"]
[WhiteElo "2425"]
[BlackElo "2435"]

1.d4 d5 2.c4 c6 3.Nf3 Nf6 4.Nc3 e6 5.e3 Nbd7 6.Qc2 Bd6 7.b3 O-O 8.Bd3 e5
9.cxd5 cxd5 10.Nb5 Bb4+ 11.Bd2 Bxd2+ 12.Nxd2 a6 13.dxe5 Nxe5 14.Nd4 Bg4 15.Bf5 Re8
16.O-O Bxf5 17.Qxf5 Rc8 18.N2f3 Nxf3+ 19.gxf3 Qd7 20.Rfd1 Rc7 21.Qxd7 Nxd7
22.Nf5 Nb6 23.Rac1 Rec8 24.Rxc7 Rxc7 25.Rd2 g6 26.Nd4 Kf8 27.Rc2 Rxc2 28.Nxc2 Ke7
29.Kf1 Kd6 30.Ke2 Nd7 31.f4 Nc5 32.f3 Ne6  1/2-1/2

[Event "Reykjavik Open"]
[Site "Reykjavik ISL"]
[Date "2012.03.11"]
[Round "6.84"]
[White "Ingason,S"]
[Black "Palsdottir,Soley Lind"]
[Result "1-0"]
[WhiteElo "1878"]
[BlackElo "1323"]

1.d4 d5 2.Nf3 c6 3.e3 Nf6 4.c4 e6 5.Nc3 Be7 6.Bd3 dxc4 7.Bxc4 Nbd7 8.O-O O-O
9.a3 b6 10.Qe2 Bb7 11.b4 c5 12.b5 Qc7 13.Bb2 cxd4 14.Nxd4 Rfe8 15.Rac1 Qe5
16.f4 Qc7 17.Na2 Nc5 18.Nb4 e5 19.fxe5 Qxe5 20.Nf5 Qc7 21.Nxg7 Kxg7 22.Qg4+ Kh8
23.Rxf6  1-0

[Event "TCh-SWE 2011-12"]
[Site "Sweden SWE"]
[Date "2012.03.11"]
[Round "9"]
[White "Akesson,R"]
[Black "Hultin,J"]
[Result "1-0"]
[WhiteElo "2421"]
[BlackElo "2307"]

1.d4 d5 2.c4 c6 3.Nc3 Nf6 4.e3 e6 5.Nf3 a6 6.b3 c5 7.cxd5 cxd4 8.Qxd4 exd5
9.Be2 Nc6 10.Qd3 Bd6 11.O-O O-O 12.Rd1 Be6 13.Bb2 Qe7 14.Bf1 Rad8 15.Ne2 Bg4
16.Rac1 Rfe8 17.Ng3 Ne4 18.Be2 Nb4 19.Qd4 Qf8 20.a3 Nc6 21.Qb6 Qe7 22.Bxa6 bxa6
23.Rxc6 Bc5 24.Qc7 Bd7 25.Nxe4 Bxc6 26.Qg3 d4 27.Nxc5 Qxc5 28.Nxd4 Rd6 29.Rc1 Qd5
30.f3 Rg6 31.Qf2 Bd7 32.e4 Qg5 33.Ne2 h5 34.h4 Qd2 35.Ng3 Qd3 36.Nxh5 Qxb3
37.Nf4 Rb6 38.Rc2 Rc8 39.Rd2 Be6 40.Kh2 f6 41.Qg3 Bf7 42.e5 Kh8 43.Rd7 Rg8
44.Qg4 f5 45.Qxf5 Be8 46.Rd2 Rh6 47.Qg5 Rf8 48.e6 Rh7 49.Be5 Rxf4 50.Qxf4 Qxe6
51.Qf8+ Qg8 52.Qe7 Qf7 53.Qxf7 Bxf7 54.Rd8+ Bg8 55.Kh3 Rh6 56.g4 Re6 57.f4 Re7
58.h5 Kh7 59.g5  1-0

[Event "Zagreb Open A"]
[Site "Zagreb CRO"]
[Date "2012.03.11"]
[Round "8.3"]
[White "Tratar,M"]
[Black "Palac,M"]
[Result "0-1"]
[WhiteElo "2499"]
[BlackElo "2593"]

1.Nf3 d5 2.d4 Nf6 3.c4 e6 4.Nc3 c6 5.e3 Nbd7 6.Qc2 Bd6 7.Bd3 O-O 8.O-O dxc4
9.Bxc4 a6 10.Rd1 b5 11.Bd3 Bb7 12.e4 e5 13.dxe5 Nxe5 14.Nxe5 Bxe5 15.Bxb5 Bxh2+
16.Kf1 Qe7 17.Bc4 Be5 18.Ne2 Ng4 19.g3 Qf6 20.f4 Rad8 21.Rxd8 Rxd8 22.Ng1 c5
23.Nf3 Qh6  0-1

[Event "European Ind w 2012"]
[Site "Gaziantep TUR"]
[Date "2012.03.12"]
[Round "10"]
[White "Lahno,Kateri"]
[Black "Gunina,V"]
[Result "1/2-1/2"]
[WhiteElo "2546"]
[BlackElo "2511"]

1.c4 c6 2.d4 d5 3.e3 Nf6 4.Nc3 e6 5.Nf3 Nbd7 6.Bd3 dxc4 7.Bxc4 b5 8.Be2 a6
9.O-O Bb7 10.e4 c5 11.d5 c4 12.dxe6 fxe6 13.e5 Nd5 14.Ng5 Nc5 15.Bg4 Nxc3
16.bxc3 Qd5 17.Qxd5 Bxd5 18.Be3 Be7 19.Bxc5 Bxg5 20.f4 Be7 21.Bxe7 Kxe7 22.Kf2 Rhd8
23.Rfd1 Rab8 24.a3 a5 25.Rab1 b4 26.axb4 axb4 27.Rxb4 Rxb4 28.cxb4 Rb8 29.Bf3 Bxf3
30.Kxf3 Rxb4 31.Rd6 Rb3+ 32.Ke4 Rb2 33.Kf3 Rb3+ 34.Ke4 Rb2 35.Kf3 Rb3+ 36.Ke4  1/2-1/2

[Event "ch-CZE U20 2012"]
[Site "Kouty nad Desnou CZE"]
[Date "2012.03.13"]
[Round "6"]
[White "Krejci,Jan2"]
[Black "Rabatin,J"]
[Result "1-0"]
[WhiteElo "2486"]
[BlackElo "2159"]

1.d4 d5 2.c4 c6 3.Nc3 Nf6 4.e3 e6 5.Nf3 Nbd7 6.Qc2 Bd6 7.Bd3 O-O 8.O-O dxc4
9.Bxc4 b5 10.Bd3 Bb7 11.e4 e5 12.Bg5 exd4 13.Ne2 h6 14.Bxf6 Qxf6 15.Nexd4 Ne5
16.Rfe1 a6 17.Nxe5 Bxe5 18.Nf3 Rad8 19.Rad1 Rfe8 20.b3 g6 21.Nxe5 Qxe5 22.a4 Rd7
23.Bf1 Red8 24.f3 Qg5 25.Rxd7 Rxd7 26.Qf2 Qd2 27.e5 Qxf2+ 28.Kxf2 Rd2+ 29.Re2 Rd4
30.Rc2 Kf8 31.Ke3 Rb4 32.Rc3 Kg7 33.a5 c5 34.Bd3 Bd5 35.Rxc5 Be6 36.Rc3 Bd5
37.Bc2 g5 38.Rd3 Be6 39.Rd4  1-0

[Event "European Ind w Rapid 2012"]
[Site "Gaziantep TUR"]
[Date "2012.03.15"]
[Round "1"]
[White "Muzychuk,M"]
[Black "Goryachkina,A"]
[Result "1-0"]
[WhiteElo "2490"]
[BlackElo "2341"]

1.d4 d5 2.c4 c6 3.Nc3 Nf6 4.e3 e6 5.Nf3 Nbd7 6.Qc2 Bd6 7.Bd3 dxc4 8.Bxc4 b5
9.Be2 O-O 10.O-O Bb7 11.Rd1 Qc7 12.e4 e5 13.Bg5 a6 14.dxe5 Nxe5 15.Bxf6 gxf6
16.Nd4 Bc8 17.Rac1 c5 18.Ndxb5 axb5 19.Nxb5 Nf3+ 20.Kh1 Qb8 21.Bxf3 Bf4 22.Nc3 Bxc1
23.Rxc1 Bb7 24.b3 Qf4 25.Ne2 Qe5 26.Ng3 Rfe8 27.a4 Rad8 28.h3 Qf4 29.Nh5 Qh6
30.Qb2 Re5 31.Ng3 Rd2 32.Rc2 Rxc2 33.Qxc2 Qf8 34.Qd2 Bc8 35.Qf4 Qd6 36.Nh5 f5
37.Qg5+ Kf8 38.Nf6 fxe4 39.Qg8+ Ke7 40.Nxe4 Qd8 41.Qxh7 Bf5 42.Qh4+ Kd7 43.Qf4 Qe7
44.Qd2+ Kc7 45.Qa5+ Kd7 46.Qa7+ Ke6 47.Qb6+ Kd7 48.Nf6+  1-0

[Event "European Ind w Rapid 2012"]
[Site "Gaziantep TUR"]
[Date "2012.03.15"]
[Round "5"]
[White "Goryachkina,A"]
[Black "Borosova,Z"]
[Result "1-0"]
[WhiteElo "2341"]
[BlackElo "2302"]

1.d4 d5 2.c4 c6 3.Nc3 Nf6 4.e3 e6 5.Nf3 Nbd7 6.Qc2 b6 7.Bd3 Bb7 8.O-O Be7
9.e4 dxe4 10.Nxe4 c5 11.dxc5 Nxc5 12.Nxc5 bxc5 13.Ne5 O-O 14.b3 Qc7 15.Bb2 h6
16.Rae1 Bd6 17.f4 Nd7 18.Qe2 Rfe8 19.Bb1 Nxe5 20.fxe5 Bf8 21.h4 Rad8 22.h5 Re7
23.Qc2 g6 24.hxg6 fxg6 25.Qxg6+ Kh8 26.Rf2 Rg7 27.Qxh6+ Kg8 28.Qxe6+ Kh8
29.Qh6+ Kg8 30.e6  1-0

[Event "European Ind w Rapid 2012"]
[Site "Gaziantep TUR"]
[Date "2012.03.15"]
[Round "10"]
[White "Paikidze,N"]
[Black "Charochkina,D"]
[Result "1/2-1/2"]
[WhiteElo "2406"]
[BlackElo "2371"]

1.d4 d5 2.c4 c6 3.Nc3 Nf6 4.e3 e6 5.Nf3 Nbd7 6.Qc2 Bd6 7.Bd3 dxc4 8.Bxc4 b5
9.Be2 O-O 10.O-O Bb7 11.Rd1 Qb8 12.e4 e5 13.h3 b4 14.dxe5 Nxe5 15.Na4 Re8
16.Nxe5 Bxe5 17.Nc5 a5 18.a3 Bc8 19.axb4 axb4 20.Rxa8 Qxa8 21.Nd3 Bd4 22.Bf3 Bb7
23.Nc5 Bxc5 24.Qxc5 Nxe4 25.Qxb4 c5 26.Qb6 Bc6 27.Be3 Rb8 28.Qc7 h6 29.Qf4 Rxb2
30.Qe5 Rb8 31.Bxe4 Bxe4 32.Bxc5 Re8 33.Qg3 Qa4 34.Rd4 Qa1+ 35.Kh2 Bg6 36.Qf4 Qc3
37.Bb4 Qc2 38.Rc4 Qb1 39.Bc3 Qb8 40.Rc7 Re7 41.Be5 Rxc7 42.Bxc7 Qc8 43.Be5 f6
44.Bd4 Qd7 45.Bc3 Kh7  1/2-1/2

[Event "ch-Moscow Final 2012"]
[Site "Moscow RUS"]
[Date "2012.03.15"]
[Round "6"]
[White "Belous,V"]
[Black "Gagarin,V"]
[Result "1-0"]
[WhiteElo "2524"]
[BlackElo "2378"]

1.Nf3 d5 2.c4 c6 3.d4 Nf6 4.Nc3 e6 5.e3 Nbd7 6.Qc2 b6 7.Bd3 Bb7 8.O-O Be7
9.b3 O-O 10.Bb2 h6 11.Rad1 Qc7 12.Qe2 Rad8 13.Ne5 Nxe5 14.dxe5 Nd7 15.f4 Nc5
16.cxd5 cxd5 17.Bb1 Ba6 18.Qc2 g6 19.Rf3 Rc8 20.Qf2 Rfd8 21.Rd4 Ne4 22.Nxe4 dxe4
23.Bxe4 Bc5 24.Rxd8+ Qxd8 25.h4 Qd1+ 26.Kh2 Bb4 27.Qg3 Be1 28.Qh3 Be2 29.h5 Bxf3
30.Bxf3 Qb1 31.hxg6 Qxg6 32.Bh5 Qg7 33.Ba3 Re8 34.Qf3 a5 35.Bd6 Bh4 36.Kh3 Be7
37.Qb7 Bxd6 38.exd6 Rf8 39.Qe7 Qc3 40.d7 Qxe3+ 41.g3 Qd3 42.Bxf7+ Kg7 43.Be8+ Kg8
44.Qxe6+ Kg7 45.Qe7+ Kg8 46.Bf7+ Kg7 47.Bc4+  1-0

[Event "ch-Moscow Final 2012"]
[Site "Moscow RUS"]
[Date "2012.03.16"]
[Round "7"]
[White "Mozharov,M"]
[Black "Popov,Iv RUS"]
[Result "0-1"]
[WhiteElo "2474"]
[BlackElo "2605"]

1.d4 d5 2.c4 c6 3.Nc3 Nf6 4.e3 e6 5.Nf3 Nbd7 6.Bd3 dxc4 7.Bxc4 b5 8.Bd3 a6
9.e4 c5 10.e5 cxd4 11.Nxb5 axb5 12.exf6 gxf6 13.O-O Qb6 14.Qe2 Bb7 15.Bxb5 Rg8
16.Bf4 Bd6 17.Bg3 f5 18.Rfc1 f4 19.Bh4 Be7 20.a4 Qd6 21.Ra3 f6 22.a5 Kf8
23.a6 Bd5 24.g3 fxg3 25.fxg3 Qf4 26.Rf1 Bxa3 27.bxa3 Ke7 28.Ng5 Qe5 29.Qxe5 Nxe5
30.Nxh7 Nf3+ 31.Rxf3 Bxf3 32.Bxf6+ Kd6 33.Bxd4 e5 34.Be3 Bc6 35.Bc4 Rgb8
36.Ng5 Rb1+ 37.Kf2 Rb2+ 38.Ke1 Bd5 39.Bd3 Rxh2 40.a7 Ra2 41.g4 Rxa3 42.Kd2 Rh8
43.Bg1 Rh1 44.Ne4+ Kc7 45.Bf2 Rh2 46.Ke2 Bxe4 47.Bxe4 Rxa7 48.Kf1 Ra1+ 49.Be1 Rh3  0-1

[Event "ch-Moscow Final 2012"]
[Site "Moscow RUS"]
[Date "2012.03.16"]
[Round "7"]
[White "Dragomarezkij,E"]
[Black "Ageichenko,G"]
[Result "1-0"]
[WhiteElo "2411"]
[BlackElo "2347"]

1.c4 c6 2.Nf3 Nf6 3.Nc3 d5 4.e3 e6 5.d4 Nbd7 6.Qc2 Bd6 7.b3 O-O 8.Be2 dxc4
9.bxc4 c5 10.d5 Ne5 11.O-O exd5 12.cxd5 a6 13.a4 Bg4 14.Rb1 Nxf3+ 15.gxf3 Bh3
16.Rd1 Qc7 17.f4 Rfe8 18.Kh1 Qd7 19.f3 Qc7 20.Qb3 Re7 21.Qb6 Qb8 22.e4 Nd7
23.Qxb7 Qxb7 24.Rxb7 f6 25.Be3 c4 26.Kg1 g5 27.fxg5 fxg5 28.Bf1 Bxf1 29.Rxf1 Rf8
30.Kg2 Ref7 31.Ne2 Ne5 32.Rxf7 Rxf7 33.Nd4 Bc5 34.Nc6 Nd3 35.Bxc5 Nxc5 36.Ne5 Rb7
37.Nxc4 Rb4 38.Ne5 Rxa4 39.Rc1 Ra5 40.Kg3 Rb5 41.d6 Ne6 42.Rc8+ Kg7 43.d7 Kf6
44.Nc6 Rc5 45.e5+ Kg7 46.Nd4  1-0

[Event "e2e4 High Wycombe Open"]
[Site "High Wycombe ENG"]
[Date "2012.03.17"]
[Round "3"]
[White "Talbot,A"]
[Black "Craft,Isaac"]
[Result "1-0"]
[WhiteElo "2146"]
[BlackElo "1969"]

1.d4 d5 2.c4 c6 3.Nf3 Nf6 4.Nc3 e6 5.e3 Nbd7 6.Bd3 dxc4 7.Bxc4 b5 8.Bd3 Bb7
9.Qc2 b4 10.Ne4 Nxe4 11.Bxe4 Rc8 12.O-O Bd6 13.a3 f5 14.Bd3 c5 15.Qe2 O-O
16.axb4 cxb4 17.e4 e5 18.exf5 Re8 19.Bc4+ Kh8 20.Ng5 Rf8 21.Nf7+ Rxf7 22.Bxf7 exd4
23.Be6 Qh4 24.h3 Re8 25.Rxa7 Nc5 26.Qg4 Qd8 27.Bg5 Qb6 28.Raa1 Nxe6 29.fxe6 Rxe6
30.Rfe1 Rxe1+ 31.Rxe1 Qc6 32.Qf3 Qxf3 33.gxf3 h6 34.Be7 Bf4 35.Bxb4 Bxf3
36.Re8+ Kh7 37.Rf8 g5 38.Bd6 Kg7 39.Rd8 Bc1 40.Be5+ Kg6 41.Bxd4 h5 42.b4 Bf4
43.Be3 Be5 44.Rg8+ Bg7 45.Bd4  1-0

[Event "TCh-BEL 2011-12"]
[Site "Belgium BEL"]
[Date "2012.03.18"]
[Round "10.2"]
[White "Pinter,J"]
[Black "Horvath,Cs1"]
[Result "1/2-1/2"]
[WhiteElo "2547"]
[BlackElo "2517"]

1.Nf3 d5 2.e3 Nf6 3.c4 c6 4.Nc3 e6 5.d4 Nbd7 6.Bd3 dxc4 7.Bxc4 b5 8.Bd3 Bd6
9.a3 Bb7 10.Bd2 a5 11.Rc1 Rc8 12.Ng5 Be7 13.Qf3 O-O 14.O-O Ba8 15.Qe2 b4
16.axb4 axb4 17.Nce4 Nxe4 18.Nxe4 c5 19.dxc5 Nxc5 20.Nxc5 Rxc5 21.e4 Qd7
22.Be3 Rxc1 23.Rxc1 Rd8 24.Bb5 Qd6 25.f3 Qe5 26.Kh1 h6 27.Bc4 Bd6 28.Bg1 Be7
29.b3 Bc6 30.Ba6 Be8 31.Rd1 Rxd1 32.Qxd1 Bb5 33.Bd4 Qd6 34.Bxb5 Bf6 35.g3 Qxd4
36.Qxd4 Bxd4  1/2-1/2

[Event "TCh-CZE Liga1 Vychod"]
[Site "Czech Rep CZE"]
[Date "2012.03.18"]
[Round "10"]
[White "Vyskocil,N"]
[Black "Stachowiak,K"]
[Result "1/2-1/2"]
[WhiteElo "2308"]
[BlackElo "2425"]

1.d4 d5 2.Nf3 c6 3.e3 Nf6 4.c4 e6 5.Nc3 Nbd7 6.Bd3 Bd6 7.O-O O-O 8.e4 dxe4
9.Nxe4 Nxe4 10.Bxe4 h6 11.Be3 f5 12.Bc2 Qf6 13.Bd2 e5 14.dxe5 Nxe5 15.Bc3 Nxf3+
16.Qxf3 Be5 17.Bxe5 Qxe5 18.b3 Qb2 19.Bd3 Bd7 20.Qe2 Qf6 21.Rad1 Rae8 22.Qd2 Bc8
23.Rfe1 Qd4 24.Be2 Qxd2 25.Rxd2 Rd8 26.Red1 Rxd2 27.Rxd2 Kf7 28.f4 Be6 29.Kf2 Kf6
30.Bf3 Re8 31.c5 g5 32.g3 g4 33.Bg2 h5 34.Rd6 Kf7 35.Bf1 Re7 36.Bd3 Re8 37.Rd4 Rh8
38.Bc4 Bxc4 39.Rxc4 Rd8 40.Ke3 Ke6 41.Rd4  1/2-1/2

[Event "e2e4 High Wycombe Open"]
[Site "High Wycombe ENG"]
[Date "2012.03.18"]
[Round "4"]
[White "Cairns,Stephen"]
[Black "Dixit,Kumar"]
[Result "1/2-1/2"]
[WhiteElo "2098"]
[BlackElo "1846"]

1.d4 d5 2.c4 c6 3.Nf3 Nf6 4.Nc3 e6 5.e3 Nbd7 6.Bd3 dxc4 7.Bxc4 Be7 8.O-O b5
9.Bd3 Bb7 10.e4 b4 11.e5 bxc3 12.exf6 Nxf6 13.bxc3 O-O 14.Rb1 Qc7 15.Bg5 h6
16.Bh4 Rfd8 17.Bg3 Bd6 18.Bxd6 Rxd6 19.Qb3 Rb8 20.Ba6 c5 21.Bxb7 Rb6 22.Qc2 Qxb7
23.Rxb6 Qxb6 24.h3 cxd4 25.Nxd4 Rc8 26.Rc1 Nd5 27.Qd2 Qa5 28.Nb3 Qa4 29.Kh2 Rc4
30.Kg1 Qa6 31.Nd4 Ra4 32.Rc2 Qc4 33.Ne2 Ra3 34.Kh2 Kh7 35.Kg1 e5 36.Kh1 Ra6
37.Kg1 Rf6 38.Ng3 Rc6 39.Ne2  1/2-1/2

[Event "ch-Moscow Final 2012"]
[Site "Moscow RUS"]
[Date "2012.03.18"]
[Round "9"]
[White "Dragomarezkij,E"]
[Black "Gorbatov,A"]
[Result "1/2-1/2"]
[WhiteElo "2411"]
[BlackElo "2363"]

1.c4 c6 2.Nf3 Nf6 3.Nc3 d5 4.e3 e6 5.d4 Bd6 6.Qc2 Nbd7 7.b3 O-O 8.Be2 b6
9.O-O Bb7 10.Rd1 Qe7 11.Bb2 Rad8 12.Rd2 c5 13.cxd5 cxd4 14.Nxd4 Nxd5 15.Nxd5 Bxd5
16.Nf5 exf5 17.Rxd5 f4 18.Rad1 Nc5 19.exf4 Bxf4 20.g3 Bg5 21.Ba3 g6 22.Bxc5 bxc5
23.Rxd8 Rxd8 24.Rxd8+ Qxd8 25.Qxc5 Qe7 26.Qc4 Bd2 27.Bf3 Ba5 28.Bd5 Bb6 29.Kg2 Qf6
30.Qe2 Kg7 31.h4 h5 32.b4 Qd6 33.Qf3 Qf6 34.a4 Bd4 35.Qe2 Qd6 36.Qf3 Qf6
37.b5 Qxf3+ 38.Kxf3 Bb6 39.Ke2 f5 40.f4 Kf6 41.Bg8 Ba5 42.Ba2 Bb4  1/2-1/2

[Event "ch-VIE Men 2012"]
[Site "Can Tho VIE"]
[Date "2012.03.19"]
[Round "1.17"]
[White "Tran Quoc Dung"]
[Black "Nguyen Huynh Tuan Hai"]
[Result "1-0"]
[WhiteElo "2296"]
[BlackElo "1790"]

1.d4 d5 2.c4 c6 3.Nc3 Nf6 4.e3 e6 5.Nf3 Nbd7 6.Qc2 dxc4 7.Bxc4 b5 8.Bd3 a6
9.Ne4 Qb6 10.Bd2 c5 11.dxc5 Nxc5 12.Nxf6+ gxf6 13.Bxh7 f5 14.Ng5 b4 15.a3 Qb5
16.a4 Qb6 17.Qc4 Bb7 18.Qd4 Qc6 19.f3 Rd8 20.Qxh8 Nd3+ 21.Kf1 Qc2 22.Qf6 Rd7
23.Bg8 Ne5 24.Qxe5 Rxd2 25.Bxf7+ Ke7 26.Qxe6+ Kd8 27.Nh3 Bd6 28.Qb3  1-0